Statistics for Top 10 U.S. States by Percent Born out of State

Click here to take the quiz!

General Stats

  • This quiz has been taken 6,793 times
  • The average score is 6 of 10

Answer Stats

% Born in State State % Correct
35.9Florida
94%
46.3Washington
83%
39.7Arizona
75%
45.4Oregon
75%
41.4Alaska
73%
27.0Nevada
69%
41.9Colorado
61%
42.4Wyoming
37%
44.9Delaware
28%
40.7New Hampshire
21%

Score Distribution

Percentile by Number Answered

Percent of People with Each Score

Your Score History

You have not taken this quiz